Countries with Camels - with a map - Statistics

General Stats
  • This quiz has been taken 1,828 times
  • The average score is 41 of 46
Answers on the Map
Answers color-coded by a green-red scale on the quiz's map according to % correct below.
 
Answer Stats
Country Population % Correct
Egypt 153,000
99%
India 380,000
97%
Iran 80,000
97%
Iraq 65,000
97%
Morocco 57,000
97%
Saudi Arabia 270,000
97%
Algeria 354,465
96%
China 316,200
96%
Libya 57,000
96%
Oman 250,000
96%
Sudan 4,792,000
96%
United Arab Emirates 400,000
96%
Yemen 460,000
96%
Pakistan 1,015,000
95%
Tunisia 236,500
95%
Turkey 1,442
95%
Afghanistan 171,000
94%
Chad 1,550,000
94%
Jordan 13,150
94%
Kazakhstan 160,900
94%
Niger 1,720,185
94%
Somalia 7,150,000
94%
Syria 58,715
94%
Ethiopia 1,164,100
93%
Mongolia 349,299
93%
Israel 5,500
92%
Mali 998,500
92%
Turkmenistan 120,000
92%
Uzbekistan 18,400
92%
Nigeria 285,000
91%
Qatar 70,000
91%
Russia 6,625
91%
Eritrea 370,000
90%
Kyrgyzstan 264
90%
Mauritania 1,525,000
90%
Tajikistan 45
90%
Kuwait 9,192
89%
Lebanon 200
86%
Djibouti 71,000
84%
Bahrain 1,050
83%
Senegal 4,842
83%
Azerbaijan 258
82%
Kenya 2,937,262
82%
Burkina Faso 18,364
78%
Ukraine 800
47%
Namibia 88
41%
No matching quizzes found
Score Distribution
Percent of People with Each Score
Percentile by Number Answered
Your Score History
You have not taken this quiz